[Event "BEL-ch U20"]
[Site "Blankenberge"]
[Date "2017.04.10"]
[Round "3"]
[White "Shimwa, Ivo"]
[Black "Vincent, Ayla"]
[Result "0-1"]
[WhiteElo "1522"]
[BlackElo "1800"]
[PlyCount "128"]
[EventDate "2017.04.09"]
[EventType "swiss"]
[EventRounds "9"]
[EventCountry "BEL"]
[SourceTitle "CBM 178 Extra"]
[Source "ChessBase"]
[SourceDate "2017.06.22"]
[SourceVersion "1"]
[SourceVersionDate "2017.06.22"]
[SourceQuality "1"]

1. e4 c5 2. Nf3 Nc6 3. Nc3 d6 4. d4 cxd4 5. Nxd4 a6 6. Bc4 Nf6 7. 0-0 e6 8. Bg5 Be7 9. Bb3 0-0 10. Nf3 Qc7 11. Bf4 b5 12. Nd2 Bb7 13. Re1 Rac8 14. Ne2 Na5 15. c3 Nxe4 16. Nxe4 Bxe4 17. Ng3 Nxb3 18. axb3 Bb7 19. Qg4 f5 20. Qe2 e5 21. Bd2 f4 22. Nf1 f3 23. gxf3 Bxf3 24. Qd3 Qd7 25. Re3 Qh3 26. Qd5+ Kh8 27. Rxf3 Qxf3 28. Qxf3 Rxf3 29. Rxa6 Rff8 30. Ra7 Bh4 31. Ng3 Bxg3 32. hxg3 h6 33. Rd7 Rfd8 34. Rb7 Rb8 35. Re7 Kh7 36. Kh2 Kg6 37. Kh3 Kf6 38. Ra7 Rf8 39. Ra6 Ke6 40. Kg2 Ra8 41. Rb6 Rfb8 42. Rxb8 Rxb8 43. Kf3 d5 44. g4 Ra8 45. Ke2 Ra1 46. Kd3 Rb1 47. Kc2 Rg1 48. g5 h5 49. Be3 Rg2 50. Kb1 h4 51. f4 h3 52. fxe5 Kxe5 53. Bd4+ Kf5 54. Bxg7 Rxg5 55. Bd4 h2 56. Ka2 h1Q 57. Ka3 Qa1+ 58. Kb4 Qxb2 59. Kxb5 Qxb3+ 60. Kc5 Qc4+ 61. Kb6 Rg6+ 62. Kb7 Qa6+ 63. Kc7 Rc6+ 64. Kd7 Qb7+ 0-1